|
|
|
|
| LEADER |
01942nam a2200565 i 4500 |
| 001 |
001564879 |
| 003 |
CZ BrMZK |
| 005 |
20170310064500.0 |
| 007 |
ta |
| 008 |
170216t20162016xr ac e 000 0 cze |
| 020 |
|
|
|a 978-80-7258-576-2
|q (brožováno)
|
| 040 |
|
|
|a BOA001
|b cze
|e rda
|
| 041 |
1 |
|
|a cze
|a eng
|h cze
|
| 043 |
|
|
|a e-uk---
|a e-xr---
|b e-xr-pg
|2 czenas
|
| 045 |
|
|
|a y1y1
|
| 072 |
|
7 |
|a 792
|x Divadlo. Divadelní představení
|2 Konspekt
|9 3
|
| 080 |
|
|
|a 821(410)-2
|2 MRF
|
| 080 |
|
|
|a 782
|2 MRF
|
| 080 |
|
|
|a 792.54
|2 MRF
|
| 080 |
|
|
|a (410)
|2 MRF
|
| 080 |
|
|
|a (437.311)
|2 MRF
|
| 080 |
|
|
|a (083.97)
|2 MRF
|
| 245 |
0 |
0 |
|a Britten, Noemova potopa =
|b Noye's fludde
|
| 246 |
3 |
0 |
|a Benjamin Britten, Noemova potopa
|
| 246 |
3 |
0 |
|a Noemova potopa
|
| 246 |
3 |
0 |
|a Noye's fludde
|
| 264 |
|
1 |
|a V Praze :
|b Národní divadlo,
|c [2016]
|
| 264 |
|
4 |
|c ©2016
|
| 300 |
|
|
|a 37 stran :
|b ilustrace, 1 portrét ;
|c 21 cm
|
| 336 |
|
|
|a text
|b txt
|2 rdacontent
|
| 337 |
|
|
|a bez média
|b n
|2 rdamedia
|
| 338 |
|
|
|a svazek
|b nc
|2 rdacarrier
|
| 500 |
|
|
|a "Uvedeno 2. října 2016 v Národním divadle"--Strana 5
|
| 500 |
|
|
|a Pod názvem: opera
|
| 546 |
|
|
|a Souběžný anglický text
|
| 610 |
2 |
7 |
|a Národní divadlo v Praze.
|b Opera
|7 kn20010724561
|2 czenas
|
| 648 |
|
4 |
|a 1958
|
| 648 |
|
4 |
|a 2016
|
| 648 |
|
7 |
|a 20. století
|7 ch460558
|2 czenas
|
| 648 |
|
7 |
|a 2011-2020
|7 ch460589
|2 czenas
|
| 650 |
0 |
7 |
|a britské drama
|7 ph114196
|y 20. století
|2 czenas
|
| 650 |
0 |
7 |
|a opery
|7 ph123760
|z Velká Británie
|y 20. století
|2 czenas
|
| 650 |
0 |
7 |
|a operní inscenace
|7 ph137507
|z Česko
|y 2011-2020
|2 czenas
|
| 651 |
|
7 |
|a Praha (Česko)
|7 ge118011
|2 czenas
|
| 655 |
|
7 |
|a divadelní programy
|7 fd132033
|2 czenas
|
| 710 |
2 |
|
|a Národní divadlo v Praze.
|b Opera
|7 kn20010724561
|4 orm
|
| 910 |
|
|
|a BOA001
|b 2-1382.911
|
| 990 |
|
|
|a BK
|
| 991 |
|
|
|b 201703
|c NOV
|
| 996 |
6 |
|
|b 2610699760
|c 2-1382.911
|l MZK
|r Sklad / do 1 hodiny
|n 0
|p p.v.
|w 001601784
|u 000010
|a 1
|e BOA001
|j MZK50
|s P
|